| 000 | nam a22 a 4500 | ||
|---|---|---|---|
| 999 |
_c454391 _d454391 |
||
| 003 | BLK | ||
| 005 | 20220428181633.0 | ||
| 008 | 220428b bul|||||r ||||||| ||bul|| | ||
| 010 | _aKNG00044882RET | ||
| 040 | _aBLK | ||
| 041 |
_aBUL _cBUL |
||
| 080 |
_aОбразуване на блокове. Военни съюзи и система от пактове като повод за конфликти. Обвързан сваят. НАТО, СЕАТО, СЕНТО, Варшавски договор и др. Вж и 341 _b327.51 _z327.51 |
||
| 100 |
_aЛидер, Юлиан _eпърви автор _9473733 |
||
| 139 | _aЛидер, Юлиан | ||
| 245 | 1 | 0 |
_aНАТО _bОчерци за историята и доктрината _cЮлиан Лидер; Прев. от пол. Куйо М. Куев. |
| 257 | _aBGR | ||
| 260 |
_aСофия _bНС ОФ _c1964 |
||
| 300 |
_a283 с. _c21 см |
||
| 380 | _a3 | ||
| 504 | _aБиблиогр. под линия. | ||
| 650 | 7 |
_aНАТО _9163552 |
|
| 653 | 7 |
_aвоенни съюзи _9183553 |
|
| 700 | 1 |
_aКуев, Куйо Марков _eпрев. от пол. _985155 |
|
| 852 |
_aЦб 32759 _bЦб |
||
| 856 | 4 |
_qpdf _u |
|
| 856 | 4 |
_qpdf _u |
|
| 942 |
_cKNG _n0 _2udc _s1 |
||
| 944 |
_aCR _c2022-04-28 _kА.М. |
||